000 00540nam a2200193Ia 4500
005 20240418095148.0
008 140110s9999 xx 000 0 und d
020 _a9780198092407
_cRs.350.00
040 _aLoreto College
041 _aEnglish
082 _a330.1
_bMID
245 _aMid-year economic analysis
_cEconomic Division, Deapartment of economic affairs, Ministry of Finance
260 _aNew Delhi
_bOxford
_c2013
300 _a120p.
650 _aEconomics
651 _aEconomics analysis
850 _aLCBED
942 _cBK
999 _c38787
_d89266